000 00630cam a2200205 a 4500
001 000010231
005 20200929161916.0
008 830725s1965 pr 000 p spa
035 _a(DLC) 83177112
040 _aDO-SdBNP
_cDLC
_dDLC
_dBNPHU
082 _a813.5
_bR895d
100 1 _aRubens, Alma,
_d1897-1931.
_925237
245 1 0 _aDe mi vida :
_bpoemas /
_cAlma Rubens.
260 _aSan Juan, Puerto Rico :
_bClub de la Prensa,
_c1965.
300 _a107 p. ;
_c20 cm.
650 4 _aPoesía estadounidense
_96278
650 4 _aLiteratura estadounidense
_ySIGLO XX
_96874
910 _aCatalogación por copia / LC
049 _aBNGR
999 _c9990
_d9990